Cooperació juvenil internacional / Joan-Francesc Pont i Clemente
Descripción Física:
145 p. ; 21 cm
MARC
| LEADER | 00000nam a2200000Ia 4500 | ||
|---|---|---|---|
| 001 | 1438 | ||
| 008 | 160829s1982 xx 000 0 cat d | ||
| 080 | |a M-2-194 | ||
| 100 | |a Pont i Clemente, Joan-Francesc |9 31923 | ||
| 245 | |a Cooperació juvenil internacional / Joan-Francesc Pont i Clemente | ||
| 260 | |a Barcelona : |b Generalitat de Catalunya, Departament de la Presidència, |c 1982 | ||
| 300 | |a 145 p. ; |c 21 cm | ||
| 490 | |a Publicacions del Consell Nacional de la Joventut de Catalunya ; 4 | ||
| 650 | |a Moviments juvenils |x Catalunya |x Cooperació internacional |9 31924 | ||
| 650 | |a Joves |x Associacions i clubs |x Guies |9 31925 | ||
| 901 | |a Arxiu | ||
| 942 | |n 1 | ||
| 952 | |0 0 |1 0 |4 0 |6 M2194 |7 1 |9 45805 |a Arxiu |b Arxiu |d 2016-12-01 |l 0 |o M-2-194 |p 1438 |r 2016-12-01 00:00:00 |w 2016-12-01 |y ARXIU | ||
| 999 | |c 49305 |d 49305 | ||